「中野」がつく駅名 - Statistics

General Stats
  • This quiz has been taken 280 times
  • The average score is 11 of 22
Answer Stats
Hint Answer % Correct
東京都 中野
99%
群馬県 中野
99%
長野県 中野
99%
東京都 東中野
85%
東京都 中野坂上
81%
東京都 新中野
73%
東京都 中野富士見町
71%
東京都 中野新橋
67%
長野県 信州中野
57%
広島県 安芸中野
45%
千葉県 上総中野
44%
神奈川県 中野島
42%
富山県 西中野
34%
広島県 中野東
32%
大阪府 針中野
28%
岩手県 陸中中野
27%
宮城県 中野栄
25%
大阪府 駒川中野
19%
青森県 小中野
16%
長野県 中野松川
12%
群馬県 本中野
12%
岩手県 陸中野田
10%
No matching quizzes found
Score Distribution
Percent of People with Each Score
Percentile by Number Answered
Your Score History
You have not taken this quiz